| 000 | 00673nam a2200253 i 4500 | ||
|---|---|---|---|
| 001 | bg | ||
| 100 | 1 | _aNabiałek, Tomasz. | |
| 245 | 1 | 0 |
_aABC...Accesa 2000 / _cTomasz Nabiałek. |
| 260 |
_aKraków : _b"Edition 2000", _c2000. |
||
| 300 |
_a416 s. ; _c24 cm. |
||
| 500 | _aNa okł. podtyt.: tabele, kwerendy, formularze, raporty, makra, Visual Basic, integracja z Internetem. | ||
| 504 | _aIndeks. | ||
| 650 | 4 | _aAccess | |
| 655 | _aPodręczniki | ||
| 020 | _a838729747X | ||
| 040 | _cBPK | ||
| 041 | 0 | _apl | |
| 080 | _a004.42 | ||
| 080 | _a004.65 | ||
| 080 | _a(07) | ||
| 920 | _a83-87297-47-X | ||
| 942 | _cKS | ||
| 008 | s pl f |000 0 pol | ||
| 999 |
_c37022 _d37022 |
||
| 856 |
_uhttp://koha.tu.koszalin.pl/cgi-bin/koha/opac-detail.pl?biblionumber=37022 _yKatalog online BPK |
||